Słupsk 1945
| Titel: | Słupsk 1945 : miasto Niemców, Sowietów i Polaków / Wojciech Skóra |
|---|---|
| Verfasser: | |
| Ausgabe: | Wydanie I |
| Veröffentlicht: | Poznań : Wydawnictwo Rys, 2023 |
| Umfang: | 382 Seiten : Illustrationen, Porträts |
| Format: | Buch |
| Sprache: | Polnisch |
| ISBN: | 9788366666740 |
| Hinweise zum Inhalt: |
Inhaltsverzeichnis
Buch Bibliographie Cover Register Abstract |
alg: 51569124 001A $03004:20-02-24 001B $01999:21-11-25 $t16:15:47.000 001D $03004:20-02-24 001U $0utf8 001X $00 002@ $0Aau 002C $aText $btxt $2rdacontent 002D $aohne Hilfsmittel zu benutzen $bn $2rdamedia 002E $aBand $bnc $2rdacarrier 003@ $0515691240 003O $01406160286 $aOCoLC 004A $A978-83-66666-74-0 006C $01418707529 $aOCoLC 007A $0BV049106729 $aBVB 007G $0DE02089B85DA3D6B6DDE4C1258AF60025C66C 009P $qapplication/pdf $A2 $3Inhaltsverzeichnis $uhttp://scans.hebis.de/HEBCGI/show.pl?51569124_toc.pdf $mV:DE-603;B:DE-Mb50 009P $qapplication/pdf $A2 $3Buch Bibliographie $uhttp://scans.hebis.de/HEBCGI/show.pl?51569124_bib.pdf $mV:DE-603;B:DE-Mb50 009P $qapplication/pdf $A2 $3Cover $uhttp://scans.hebis.de/HEBCGI/show.pl?51569124_cov.pdf $mV:DE-603;B:DE-Mb50 009P $qapplication/pdf $A2 $3Register $uhttp://scans.hebis.de/HEBCGI/show.pl?51569124_idx.pdf $mV:DE-603;B:DE-Mb50 009P $qapplication/pdf $A2 $3Abstract $uhttp://scans.hebis.de/HEBCGI/show.pl?51569124_sum.pdf $mV:DE-603;B:DE-Mb50 010@ $apol $cdeu 010E $erda 011@ $a2023 $n2023 021A $aSłupsk 1945 $dmiasto Niemców, Sowietów i Polaków $hWojciech Skóra 028A $BVerfasser $4aut $7138591377 $8Skóra, Wojciech$Z1964- [Tp3] $9213648881 032@ $aWydanie I 033A $pPoznań $nWydawnictwo Rys 034D $a382 Seiten 034M $aIllustrationen, Porträts 037A $aLiteraturverzeichnis Seite 355-367 044K $RStolp $RWoiwodschaft Pommern $#Stolp $71051060-6 $8Słupsk [Tg1] $9042181631 044K $RRossijskaja Social'-Demokratičeskaja Rabočaja Partija (Bol'ševikov) $RRussische SFSR $RSowjetunion $#Raboče-Krestʹjanskaja Krasnaja Armija Sowjetunion $#Sowjetunion, Krasnaja Armija $#Krasnaja Armija Sowjetunion $#Sowjetunion, Red Army $#Red Army Sowjetunion $#Sowjetunion, Armée rouge $#Armée rouge Sowjetunion $#Sowjetunion, Rote Armee $#Rote Armee Sowjetunion $#RKKA SSSR $7130443-4 $8Sowjetunion$bRaboče-Krestʹjanskaja Krasnaja Armija [Tb1] $9040793427 044K $RBesatzungspolitik $RBesatzungsmacht $RBesetzte Gebiete $#Military occupation $#Occupation militaire $#Occupazione bellica $#Invasion $#Besatzungsstatus $#Okkupation $#Besatzung Völkerrecht $#Okkupation $74006020-2 $8Besetzung [Ts1] $9085008095 044K $RMobilität $RRegionale Mobilität $#Emigration and immigration $#Émigration et immigration $#migration $#Migration $#Bevölkerungswanderung $#Wanderung Soziologie $#Wanderungen $#Wanderungsbewegung $74120730-0 $8Migration [Ts1] $9085386928 044K $RFlucht $RUmsiedlung $#Forced migration $#Transferts de population $#Nettoyage ethnique $#Migración forzosa $#Vertreibung $#Ethnische Säuberung $#Vertreibung $#Zwangsumsiedlung/Deportation $#Zwangsumsiedlung $#Ethnische Säuberung $#Zwangsmigration $74063299-4 $8Vertreibung [Ts1] $9085177385 044K $RPolin $#Polish people $#Polonais $#Polen (Personen) $#Pole $#Polen (Personen) $74046497-0 $8Polen$gVolk [Ts1] $908512981X 045F $a307.0943809044 $eDDC23BSB 045F/01 $a307.09 045F/03 $f09044 045F/03 $g438 045F/03 $g43 045G $a355.00943809044 $eDDC23BSB 045G/01 $a355.009 045G/03 $f09044 045G/03 $g438 045G/03 $g43 045G/03 $g4708 045R $aGeschichte 1945-1946 045T $aOST $qDE-12 $2FID 046L $aMit einer Zusammenfasssung in deutscher Sprache 047I $aSłupsk (Poland); World War II; Germany; Soviet Union; Poland; History; 1945- lok: 51569124 24 exp: 51569124 24 1 #EPN 201B/01 $028-02-24 $t15:56:27.000 201C/01 $020-02-24 201U/01 $0utf8 203@/01 $01256601977 208@/01 $a28-02-24 $bz 209A/01 $a24.00909 $du $f050 $h24 00909 $x00 209C/01 $a24.00909 K $h24 00909 K 209G/01 $a74814689 $x00 220C/01 $ahae 247C/01 $8358050-7Marburg, Bibliothek des Herder-Instituts Marburg $9102600961 lok: 51569124 78 exp: 51569124 78 1 #EPN 201B/01 $011-11-25 $t09:47:07.000 201C/01 $011-11-25 201U/01 $0utf8 203@/01 $01322374325 208@/01 $a11-11-25 $be 209A/01 $a/ $f000 $x00 209A/01 $ab*p $x01 220C/01 $apgar 244Z/01 $#Generalgouvernement Polen $#Polska $#Rzeczpospolita Polska $#Polska Rzeczpospolita Ludowa $#Poland $#Pologne $#République Polonaise $#Generalne Gubernatorstwo w Polsce $#Polish People's Republic $#Polska Rzeczpospolita Polen $#PRL $#RP $#Polen Generalgouvernement $#Polska Generalgouvernement $#Besetzte Polnische Gebiete $#Besetztes Gebiet in Polen $#Okupowane Polskie Obszary $#Obszary Okupowane w Polsce $#Volksrepublik Polen $#Polska Rosyjska $#Republic Polen $#Respublika Pol'ša $#Pol'skaja Narodnaja Respublika $#République de Pologne $#Polen Links der Weichsel $#Polska po Lewej Stronie Wisły $#Lenkija $#Polija $#Gubernija Carstva Pol'skago $#Republik Polen $74046496-9 $8--Tg1--Polen $x01 $9085129801 244Z/01 $#Pommern $#Pommern $#Herzogtum Pommern $#Herzogthum Pommern $#Provinz Pommern $#Pomorze $74046744-2 $8--Tg1--Pommern $x07 $9085130354 247C/01 $82080>Marburg/Lahn, Herder-Institut, Forschungsbibliothek, Bibliographieportal $9336309341
| LEADER | 00000cam a2200000 c 4500 | ||
|---|---|---|---|
| 001 | 515691240 | ||
| 003 | DE-603 | ||
| 005 | 20251121161547.0 | ||
| 007 | tu | ||
| 008 | 240220s2023 xx |||| | u00||u|pol c | ||
| 020 | |a 9788366666740 | ||
| 035 | |a (DE-599)BVBBV049106729 | ||
| 035 | |a (OCoLC)1406160286 | ||
| 040 | |a DE-603 |b ger |c DE-603 |d DE-603 |e rda | ||
| 041 | |a pol |h deu | ||
| 082 | 0 | 4 | |8 1\u |a 307.0943809044 |q DE-101 |2 23/BSB |
| 083 | 0 | |8 2\u |a 355.00943809044 |q DE-101 |2 23/BSB | |
| 084 | |a OST |q DE-12 |2 fid | ||
| 085 | |8 1\u |b 307.09 | ||
| 085 | |8 1\u |z 1 |s 09044 | ||
| 085 | |8 1\u |z 2 |s 438 | ||
| 085 | |8 1\u |z 2 |s 43 | ||
| 085 | |8 2\u |b 355.009 | ||
| 085 | |8 2\u |z 1 |s 09044 | ||
| 085 | |8 2\u |z 2 |s 438 | ||
| 085 | |8 2\u |z 2 |s 43 | ||
| 085 | |8 2\u |z 2 |s 4708 | ||
| 100 | 1 | |a Skóra, Wojciech |d 1964- |e Verfasser |4 aut |0 (DE-603)213648881 |0 (DE-588)138591377 |2 gnd | |
| 245 | 0 | 0 | |a Słupsk 1945 |b miasto Niemców, Sowietów i Polaków |c Wojciech Skóra |
| 250 | |a Wydanie I | ||
| 264 | 1 | |a Poznań |b Wydawnictwo Rys |c 2023 | |
| 300 | |a 382 Seiten |b Illustrationen, Porträts | ||
| 336 | |a Text |b txt |2 rdacontent | ||
| 337 | |a ohne Hilfsmittel zu benutzen |b n |2 rdamedia | ||
| 338 | |a Band |b nc |2 rdacarrier | ||
| 500 | |a Literaturverzeichnis Seite 355-367 | ||
| 520 | |a Słupsk (Poland); World War II; Germany; Soviet Union; Poland; History; 1945- | ||
| 546 | |a Mit einer Zusammenfasssung in deutscher Sprache | ||
| 610 | 1 | 7 | |a Sowjetunion |b Raboče-Krestʹjanskaja Krasnaja Armija |2 gnd |0 (DE-588)130443-4 |0 (DE-603)040793427 |
| 648 | 7 | |a Geschichte 1945-1946 |2 gnd | |
| 650 | 7 | |a Besetzung |0 (DE-588)4006020-2 |0 (DE-603)085008095 |2 gnd | |
| 650 | 7 | |a Migration |0 (DE-588)4120730-0 |0 (DE-603)085386928 |2 gnd | |
| 650 | 7 | |a Vertreibung |0 (DE-588)4063299-4 |0 (DE-603)085177385 |2 gnd | |
| 650 | 7 | |a Polen |g Volk |0 (DE-588)4046497-0 |0 (DE-603)08512981X |2 gnd | |
| 651 | 7 | |a Słupsk |0 (DE-588)1051060-6 |0 (DE-603)042181631 |2 gnd | |
| 856 | 4 | 2 | |m V:DE-603;B:DE-Mb50 |q application/pdf |u http://scans.hebis.de/HEBCGI/show.pl?51569124_toc.pdf |3 Inhaltsverzeichnis |
| 856 | 4 | 2 | |m V:DE-603;B:DE-Mb50 |q application/pdf |u http://scans.hebis.de/HEBCGI/show.pl?51569124_bib.pdf |3 Buch Bibliographie |
| 856 | 4 | 2 | |m V:DE-603;B:DE-Mb50 |q application/pdf |u http://scans.hebis.de/HEBCGI/show.pl?51569124_cov.pdf |3 Cover |
| 856 | 4 | 2 | |m V:DE-603;B:DE-Mb50 |q application/pdf |u http://scans.hebis.de/HEBCGI/show.pl?51569124_idx.pdf |3 Register |
| 856 | 4 | 2 | |m V:DE-603;B:DE-Mb50 |q application/pdf |u http://scans.hebis.de/HEBCGI/show.pl?51569124_sum.pdf |3 Abstract |
| 924 | 0 | |9 Mb 50 |a (DE-603)1256601977 |b DE-Mb50 |c HES |d c |g 24.00909 | |
| 924 | 0 | |9 2080 |a (DE-603)1322374325 |b DE-2080 |c HES |d d |g / | |


